Prístupy hodnotenia investičných zámerov u podnikateľských subjektov

Ohraničenosť - t.j.limitovanosť objemu investícií vyvoláva potrebu hodnotenia investičných zámerov. Pojem investičný zámer. Investičné rozhodnutie. Substitučné investície. Statický a dynamický pohľad pri hodnotení jednotlivých investičných zámerov.

Gespeichert in:
Bibliographische Detailangaben
1. Verfasser: Buch, Roman
Format: Buchkapitel
Sprache:Slowakisch
Schlagworte:
Tags: Tag hinzufügen
Keine Tags, Fügen Sie das erste Tag hinzu!

MARC

LEADER 00000naa$a2200000$$$4500
001 0007050
005 20221026115620.7
041 0 |a slo 
044 |a SK 
245 1 0 |a Prístupy hodnotenia investičných zámerov u podnikateľských subjektov  |c Roman Buch 
520 |a Ohraničenosť - t.j.limitovanosť objemu investícií vyvoláva potrebu hodnotenia investičných zámerov. Pojem investičný zámer. Investičné rozhodnutie. Substitučné investície. Statický a dynamický pohľad pri hodnotení jednotlivých investičných zámerov. 
610 2 0 |a zámery investičné 
610 2 0 |a zámery podnikateľské 
610 2 0 |a rozhodovanie investičné 
610 2 0 |a metódy 
100 1 |a Buch, Roman